LEADER 00983cam a2200241 7i4500
001 0000056826
005 20201229090000.0
020 |a 9780781780636 (electronic book)  
090 0 0 |a RC76   |b .S82 2012 
245 0 0 |a Student laboratory manual for Bates' nursing guide to physical examination and history taking. 
264 |a Philadelphia, PA:   |b Wolters Kluwer Health,   |c 2012. 
300 |a 1 online resource (200 pages):   |b illustrations, text file, PDF. 
336 |a text  |2 rdacontent 
337 |a computer  |2 rdamedia 
338 |a online resource  |2 rdacarrier 
650 0 |a Physical diagnosis  
650 0 |a Nursing assessment  
650 0 |a Medical history taking  
655 0 |a Electronic books 
856 4 2 |u http://library.unisel.edu.my/equip-unisel/custom/ebook_catalog/ebook/Studentlaboratorymanualforbates'nursingguidetophysicalexaminationandhistorytaking.pdf 
997 |a Health Sciences, Faculty 
998 |a Nursing, Diploma 
999 |a EBO0003102  |b EBOOK  |c EBOOK  |e Electronic resources